| 000 | 00666nam a22001937a 4500 | ||
|---|---|---|---|
| 999 |
_c11068 _d11068 |
||
| 003 | AR-CdUCM | ||
| 008 | 190402b ||||| |||| 00| 0 spa d | ||
| 040 |
_aMUNICIPALIDAD PROVINCIAL DEL CUSCO _cBIBLIOTECA MUNICIPAL DEL CUSCO |
||
| 082 |
_a335.83 / _bM26 / 1943 |
||
| 100 |
_aMarx, C. _94492 |
||
| 245 | _aSobre el anarquismo / | ||
| 260 |
_aBuenos Aires : _bProblemas, _c1943. |
||
| 300 |
_a123 páginas ; _c20 cm. |
||
| 505 | _aContenido: Los bakuninistas en acción -- Las pretendidas escisiones en la internacional -- De la autoridad -- Apoliticismo ... | ||
| 650 |
_aAnarquismo _923756 |
||
| 700 |
_aEngels, F. _95699 |
||
| 942 |
_2ddc _cLIBROS |
||
| 945 | _aacv | ||